000 00608cam a22002053a 4500
001 35534
003 PGUSA
005 20140828083750.0
008 110309s2011||||xxu|||||s|||||000 | eng d
040 _aPGUSA
_beng
042 _adc
100 1 _aHardy, Edward John
245 1 0 _aHow to be Happy Though Married :
_bBeing a Handbook to Marriage
_h[electronic resource] /
_cEdward John Hardy
260 _bProject Gutenberg,
_c2011
506 _aPublic domain in the USA.
516 _aElectronic text
830 0 _aProject Gutenberg
_v35534
856 4 0 _uhttp://www.gutenberg.org/ebooks/35534
942 _cEB
999 _c264789
_d264789